000 00329nam a2200145Ia 4500
008 210210b1945 xxu||||| |||| 00| 0 eng d
041 _aeng
082 _a828/457
100 _aNEHRU (Jawaharlal)
245 _aAutobiography
260 _aLondon
_b-
_c1945
650 _aAutobiography
690 _aBiography
906 _a016302
999 _c135771
_d135771